Statistics for 50 Medieval Europe figures

Click here to take the quiz!

General Stats

  • This quiz has been taken 75 times
    (65 since last reset)
  • The average score is 26 of 50

Answer Stats

HintAnswer% Correct
Crusading English kingRichard the Lionheart
98%
French heroine against English occupationJoan of Arc
96%
Divine Comedy writerDante Alighieri
94%
Greatest Renaissance artistLeonardo Da Vinci
94%
Florentine banker who made a dynastyCosimo de Medici
92%
Reconquista queenIsabella I
92%
Conqueror of EnglandWilliam of Normandy
92%
Muslim warlord who drove crusaders from JerusalemSaladin
88%
Scottish warlord fighting English invasionWilliam Wallace
84%
'Great' Tsar who expanded RussiaIvan the Great
82%
His printing press spurred intellectual upheavalJohannes Gutenberg
82%
Canterbury Tales writerGeoffrey Chaucer
78%
United his Aragon with Castille to build SpainFerdinand II
73%
First Tudor English kingHenry VII
73%
Redbearded Hohenstaufen Holy Roman EmperorFrederick I "Barbarossa"
67%
Italian traveler and fabulistMarco Polo
67%
Murdered and sainted English bishopThomas Beckett
67%
Pope who launched the crusadesUrban II
67%
Hunchbacked English kingRichard III
65%
'Saintly' French king who died on crusadeLouis XI
63%
Powerful queen of France and EnglandEleanor of Aquitaine
57%
Italian monk who loved animalsFrancis of Assisi
57%
Ottoman Sultan who conquered ConstantinopleMehmed II
57%
Painted Primavera and the Birth of VenusSandro Botticelli
57%
Infamously corrupt popeRodrigo Borgia
51%
Sainted thinker of religion and Aristotelean philosophyThomas Aquinas
51%
Hundred Years War warrior princeEdward the Black Prince
47%
Portuguese sponsor of explorationHenry "the Navigator"
45%
Castillian warlord who fought Moorish kingdomsEl Cid
43%
Dutch scholar who navigated reformationErasmus
43%
Agincourt victor with 'band of brothers'Henry V
43%
English thinker with a razorWilliam of Ockham
43%
English philosopher who pushed empiricismRoger Bacon
39%
Italian sonneteer who inspired lyric poetryPetrarch
35%
The last Byzantine emperorConstantine Palaiologus
33%
Revolting peasantWat Tyler
33%
German painter and print makerAlbrecht Durer
31%
Humanist writer of the DecameronGiovanni Boccaccio
31%
German abbess and scholarHildegard of Bingen
29%
His paintings heralded the start of the RenaissanceGiotto
27%
Great German bankerJakob Fugger
24%
Early Dutch Renaissance painterJan Van Eyck
24%
Powerful Norman king of SicilyRoger II
22%
First Habsburg German kingRudolf I
20%
Jewish philosopher of Moorish SpainMaimonides
18%
Founder of Polish-Lithuanian unionJogaila
14%
Venetian Doge who sacked ConstantinopleEnrico Dandolo
12%
Pope who expanded Vatican powerBoniface VIII
6%
Bulgarian tsar who refounded a Balkan empireKaloyan
4%
Bohemia's 'Iron and Golden King'Ottokar II
4%

Score Distribution

Percentile by Number Answered

Percent of People with Each Score

Your Score History

You have not taken this quiz since the last reset